[Event "Titled Tuesday intern op 16th Apr Late"]
[Site "Chess.com INT"]
[Date "2024.04.16"]
[Round "7"]
[White "Quirke, Jeffrey"]
[Black "Belenkaya, Dina"]
[Result "1/2-1/2"]
[WhiteElo "1992"]
[BlackElo "2180"]
[PlyCount "129"]
[EventDate "2024.04.16"]
[EventType "swiss (blitz)"]
[EventRounds "11"]
[EventCountry "USA"]
[SourceTitle "CB17_2024"]
[SourceDate "2024.04.24"]
[SourceVersion "1"]
[SourceVersionDate "2024.04.24"]
[SourceQuality "1"]

1. e4 c6 2. Nf3 d5 3. d3 dxe4 4. dxe4 Qxd1+ 5. Kxd1 g5 6. Ne1 g4 7. Nd3 h5 8. Be3 Nf6 9. Nd2 Na6 10. c3 Bh6 11. Bxh6 Rxh6 12. Kc2 Be6 13. b3 0-0-0 14. Re1 Nd7 15. Nf4 Ne5 16. Bxa6 bxa6 17. Nxe6 fxe6 18. f4 gxf3 19. Nxf3 Nxf3 20. gxf3 Rf6 21. Rhf1 e5 22. Re3 Rg8 23. Rf2 Rf4 24. Kd3 Rg1 25. Kc4 Kc7 26. Kc5 h4 27. a4 h3 28. b4 Rg2 29. Ree2 Rg1 30. Rd2 Re1 31. Rd3 Ra1 32. a5 Rg1 33. c4 Rg2 34. Rdd2 Rg1 35. Rd3 Rc1 36. Rfd2 Rf8 37. Rd7+ Kb8 38. Rxe7 Rc3 39. Rdd7 Rcxf3 40. Rb7+ Ka8 41. Rxa7+ Kb8 42. Reb7+ Kc8 43. Rc7+ Kb8 44. Rcb7+ Kc8 45. Rb6 R3f6 46. Ra8+ Kc7 47. Rxf8 Rxf8 48. Rxc6+ Kb7 49. Rb6+ Ka7 50. Kd5 Rf2 51. Rh6 Rxh2 52. Kxe5 Kb7 53. Ke6 Re2 54. e5 h2 55. Kd6 Rd2+ 56. Ke7 Kc7 57. e6 Re2 58. c5 Kc6 59. Kf7 Rf2+ 60. Ke8 Kc7 61. e7 Re2 62. Kf8 Rf2+ 63. Ke8 Re2 64. Kf8 Rf2+ 65. Ke8 1/2-1/2

[Event "Titled Tuesday intern op 16th Apr Late"]
[Site "Chess.com INT"]
[Date "2024.04.16"]
[Round "1"]
[White "Zou, Chen"]
[Black "Belenkaya, Dina"]
[Result "1-0"]
[WhiteElo "2449"]
[BlackElo "2180"]
[PlyCount "49"]
[EventDate "2024.04.16"]
[EventType "swiss (blitz)"]
[EventRounds "11"]
[EventCountry "USA"]
[SourceTitle "CB17_2024"]
[SourceDate "2024.04.24"]
[SourceVersion "1"]
[SourceVersionDate "2024.04.24"]
[SourceQuality "1"]

1. e4 c6 2. d4 d5 3. e5 Bf5 4. Nf3 e6 5. Be2 Ne7 6. 0-0 Bg6 7. Nbd2 Nf5 8. Nb3 Be7 9. c3 Nd7 10. Bd3 h5 11. Qe2 a6 12. h3 c5 13. Nxc5 Nxc5 14. dxc5 Bxc5 15. Bxf5 Bxf5 16. Be3 Qb6 17. Bxc5 Qxc5 18. Nd4 Be4 19. a3 h4 20. f3 Bg6 21. Qf2 Rh5 22. Rfe1 Kf8 23. Nxe6+ fxe6 24. Qxc5+ Kg8 25. Rad1 1-0

[Event "Titled Tuesday intern op 02nd Apr Late"]
[Site "Chess.com INT"]
[Date "2024.04.02"]
[Round "10"]
[White "Belenkaya, Dina"]
[Black "Povshednyi, Ivan"]
[Result "1/2-1/2"]
[WhiteElo "2180"]
[BlackElo "2249"]
[PlyCount "225"]
[EventDate "2024.04.02"]
[EventType "swiss (blitz)"]
[EventRounds "11"]
[EventCountry "USA"]
[SourceTitle "CB15_2024"]
[SourceDate "2024.04.10"]
[SourceVersion "1"]
[SourceVersionDate "2024.04.10"]
[SourceQuality "1"]

1. Nf3 Nf6 2. g3 g6 3. Bg2 Bg7 4. c4 0-0 5. d4 d6 6. 0-0 Nc6 7. Nc3 a6 8. e4 Bg4 9. Be3 e5 10. dxe5 Nxe5 11. Qe2 Re8 12. Bf4 Qe7 13. Bxe5 dxe5 14. Nd5 Qd8 15. h3 Bxf3 16. Qxf3 c6 17. Nxf6+ Bxf6 18. Rad1 Qe7 19. h4 h5 20. Bh3 Rad8 21. c5 Kg7 22. b4 a5 23. a3 axb4 24. axb4 Rd4 25. Rxd4 exd4 26. Re1 Be5 27. Qd3 g5 28. Bf5 gxh4 29. f4 Bc7 30. Kh2 Rg8 31. Rg1 Kf8 32. Kh3 hxg3 33. Rxg3 Bxf4 34. Rxg8+ Kxg8 35. Qf3 Qg5 36. Bc8 Bc7 37. Bxb7 Qg1 38. Qg2+ Qxg2+ 39. Kxg2 d3 40. Kf3 Be5 41. Bxc6 Bc3 42. Bd7 Bxb4 43. c6 d2 44. Ke2 Ba5 45. c7 Bxc7 46. Kxd2 h4 47. Ke3 Kg7 48. Kf3 Kf6 49. Bg4 Ke5 50. Bh3 Ba5 51. Bc8 f6 52. Bd7 Be1 53. Bf5 Bg3 54. Kg4 Kd6 55. Kh3 Kc5 56. Bg4 Kd4 57. Bf5 Ke3 58. Bg6 Kf4 59. Bh7 Kg5 60. Bf5 Bf4 61. Bh7 Be5 62. Bf5 Kh6 63. Kxh4 Kg7 64. Kg4 Kf7 65. Kh5 Ke7 66. Kg6 Kd6 67. Kf7 Kc5 68. Ke6 Kb4 69. Kd5 Ka3 70. Be6 Kb2 71. Bf5 Kc1 72. Bg6 Kd1 73. Bh7 Ke1 74. Bg6 Kf1 75. Bf5 Kf2 76. Ke6 Kg3 77. Kf7 Kf4 78. Ke6 Kg5 79. Kf7 Kh6 80. Ke6 Kg7 81. Ke7 Bd4 82. Ke6 Be5 83. Ke7 Kh6 84. Ke6 Kh5 85. Kd5 Kh4 86. Kc4 Kg3 87. Kd3 Kf4 88. Ke2 Bd4 89. Kd3 Be5 90. Kc4 Ke3 91. Kd5 Kf4 92. Ke6 Ke3 93. Kd5 Kd3 94. Ke6 Kc4 95. Kf7 Kc5 96. Kg6 Kc6 97. Kh7 Kd6 98. Kg6 Ke7 99. Kh5 Bd4 100. Kg4 Be5 101. Kf3 Bd6 102. Ke2 Be5 103. Kd3 Bd6 104. Kc4 Be5 105. Kd5 Bd6 106. Kc6 Be5 107. Kc5 Bd6+ 108. Kd5 Be5 109. Kc4 Bd6 110. Kd3 Be5 111. Kc4 Bd6 112. Kd5 Be5 113. Kc6 1/2-1/2

[Event "Titled Tuesday intern op 02nd Apr Late"]
[Site "Chess.com INT"]
[Date "2024.04.02"]
[Round "2"]
[White "Belenkaya, Dina"]
[Black "Quirke, Jeffrey"]
[Result "1-0"]
[WhiteElo "2180"]
[BlackElo "1992"]
[PlyCount "49"]
[EventDate "2024.04.02"]
[EventType "swiss (blitz)"]
[EventRounds "11"]
[EventCountry "USA"]
[SourceTitle "CB15_2024"]
[SourceDate "2024.04.10"]
[SourceVersion "1"]
[SourceVersionDate "2024.04.10"]
[SourceQuality "1"]

1. e4 c5 2. Nc3 Nc6 3. Nf3 e5 4. Bc4 Be7 5. 0-0 Nf6 6. d3 0-0 7. a3 d6 8. h3 Ne8 9. Nd5 Kh8 10. b4 b6 11. c3 f5 12. Nxe7 Nxe7 13. Ng5 d5 14. exd5 Nxd5 15. Qh5 Nef6 16. Nf7+ Rxf7 17. Qxf7 a5 18. Bg5 Nxc3 19. Bxf6 gxf6 20. bxc5 bxc5 21. f4 Ne2+ 22. Kh1 Nxf4 23. Rxf4 exf4 24. Re1 Bd7 25. Re7 1-0

[Event "Titled Tuesday intern op 02nd Apr Late"]
[Site "Chess.com INT"]
[Date "2024.04.02"]
[Round "3"]
[White "Belenkaya, Dina"]
[Black "Yurtseven, Melih"]
[Result "1-0"]
[WhiteElo "2180"]
[BlackElo "2333"]
[PlyCount "157"]
[EventDate "2024.04.02"]
[EventType "swiss (blitz)"]
[EventRounds "11"]
[EventCountry "USA"]
[SourceTitle "CB15_2024"]
[SourceDate "2024.04.10"]
[SourceVersion "1"]
[SourceVersionDate "2024.04.10"]
[SourceQuality "1"]

1. Nf3 Nf6 2. g3 b6 3. Bg2 Bb7 4. d3 g6 5. e4 d6 6. 0-0 Bg7 7. Re1 0-0 8. Nbd2 e5 9. Nc4 Nbd7 10. c3 h6 11. b4 a5 12. b5 Nc5 13. a4 Kh7 14. Nfd2 Nxd3 15. Re3 Nxc1 16. Qxc1 Ng4 17. Rd3 Qe7 18. h3 Nf6 19. Ne3 Rad8 20. c4 Nd7 21. Nd5 Bxd5 22. cxd5 Nc5 23. Rc3 h5 24. h4 Bh6 25. Qd1 Bxd2 26. Qxd2 f5 27. exf5 Rxf5 28. Bh3 Rf7 29. Qc2 Rdf8 30. Rf1 Rf3 31. Rxc5 dxc5 32. Bg2 Ra3 33. Be4 Qd6 34. Kg2 Kg7 35. Rd1 Rf6 36. Rd3 Rxd3 37. Qxd3 Qf8 38. Qe3 Rd6 39. Qg5 Qf6 40. Qc1 Kh7 41. Qd1 Kh8 42. Qc1 Kg7 43. Qd1 Rd8 44. Qc2 Rf8 45. f3 Qd6 46. Qd3 Rf6 47. Qc4 Qe7 48. Qc2 Qf8 49. Qd3 c4 50. Qxc4 Qc5 51. Qa2 Qc3 52. Kh3 Qe1 53. Kg2 Qc3 54. Kf2 Rd6 55. Kg2 Qc5 56. Kh2 Kf6 57. Qb1 Qc3 58. Bxg6 Qd2+ 59. Kh3 Kg7 60. Qf5 Rf6 61. Qxh5 Qh6 62. Qxh6+ Kxh6 63. Be4 Rf8 64. Kg2 Kh5 65. Kh3 Kh6 66. g4 Rf4 67. Kg3 Kg7 68. Kf2 Rf8 69. Ke3 Rh8 70. h5 Kf6 71. Kf2 Kg5 72. Kg3 Rf8 73. Kf2 Rf6 74. Ke3 Kh4 75. Kf2 Kh3 76. g5 Rf8 77. g6 Rh8 78. g7 Rg8 79. h6 1-0

[Event "Titled Tuesday intern op 02nd Apr Late"]
[Site "Chess.com INT"]
[Date "2024.04.02"]
[Round "4"]
[White "Zhizmer, Yuri"]
[Black "Belenkaya, Dina"]
[Result "1-0"]
[WhiteElo "2289"]
[BlackElo "2180"]
[PlyCount "97"]
[EventDate "2024.04.02"]
[EventType "swiss (blitz)"]
[EventRounds "11"]
[EventCountry "USA"]
[SourceTitle "CB15_2024"]
[SourceDate "2024.04.10"]
[SourceVersion "1"]
[SourceVersionDate "2024.04.10"]
[SourceQuality "1"]

1. Nf3 d5 2. d4 Nf6 3. g3 c6 4. Bg2 Bg4 5. 0-0 Nbd7 6. b3 e6 7. Bb2 Be7 8. Nbd2 a5 9. a3 a4 10. b4 Nb6 11. Ne5 Bf5 12. c4 dxc4 13. Ndxc4 Nxc4 14. Nxc4 0-0 15. Ne5 Be4 16. f3 Bd5 17. Qd3 Bb3 18. Rac1 Qb6 19. Kh1 Rfd8 20. e4 Ne8 21. Qe3 Bf6 22. f4 Nd6 23. Qf3 Nb5 24. Qf2 Qa7 25. Rc5 Be7 26. h4 Bxc5 27. dxc5 f6 28. Ng4 Rd3 29. Nxf6+ gxf6 30. Bxf6 Kf7 31. f5 e5 32. Bxe5 Nc3 33. Qf4 Ne2 34. Qg5 Rg8 35. Qh5+ Kf8 36. Qxe2 Bc4 37. Qh5 b5 38. Bd6+ Rxd6 39. cxd6 Rxg3 40. Qh6+ Kg8 41. Qf4 Bxf1 42. Qxg3+ Kf7 43. Bxf1 Qd4 44. e5 Qe4+ 45. Bg2 Qb1+ 46. Kh2 Qxf5 47. Qf3 Qxf3 48. Bxf3 Ke6 49. Bxc6 1-0

[Event "Reykjavik op"]
[Site "Reykjavik"]
[Date "2024.03.19"]
[Round "7"]
[White "Salimova, Nurgyul"]
[Black "Belenkaya, Dina"]
[Result "1-0"]
[WhiteElo "2426"]
[BlackElo "2164"]
[PlyCount "127"]
[EventDate "2024.03.15"]
[EventType "swiss"]
[EventRounds "9"]
[EventCountry "ISL"]
[SourceTitle "CB13_2024"]
[SourceDate "2024.03.27"]
[SourceVersion "1"]
[SourceVersionDate "2024.03.27"]
[SourceQuality "1"]

1. d4 Nf6 2. c4 e6 3. Nf3 d5 4. g3 Be7 5. Bg2 0-0 6. 0-0 c6 7. Qc2 h6 8. Nbd2 b6 9. e4 Bb7 10. e5 Nfd7 11. cxd5 cxd5 12. Nb1 Nc6 13. Nc3 Ba6 14. Rd1 Rc8 15. Bf4 Na5 16. Rac1 Re8 17. h4 Nf8 18. h5 Nh7 19. Qb1 Nc4 20. Bf1 Ng5 21. Nh2 Bb4 22. Ng4 Rc7 23. Kg2 Qe7 24. Bd3 Rec8 25. Ne2 Qd8 26. a3 Bf8 27. Qa2 Bb5 28. f3 Be8 29. Bb1 Rc6 30. Qb3 f5 31. exf6 gxf6 32. Rh1 Qe7 33. Rce1 Qg7 34. Bc1 e5 35. Rh4 Bd7 36. Nf2 Kh8 37. Bg6 Be6 38. Qd1 Nd6 39. dxe5 fxe5 40. f4 Nge4 41. Nxe4 Nxe4 42. Nc3 Be7 43. Rhh1 Nxc3 44. bxc3 e4 45. f5 Bg8 46. Bd2 Bxa3 47. Rhf1 Rf6 48. Qa1 Qf8 49. c4 Be7 50. cxd5 Rc2 51. Qd1 Qc8 52. Kh3 Bxd5 53. Bxh6 Qc4 54. Bg5 Rxg6 55. hxg6 Bxg5 56. Qh5+ Kg8 57. Qxg5 e3 58. Qd8+ Kg7 59. Qe7+ Kg8 60. Qh7+ Kf8 61. g7+ Ke8 62. Rxe3+ Kd8 63. Qh4+ Kd7 64. Qxc4 1-0

[Event "Reykjavik op"]
[Site "Reykjavik"]
[Date "2024.03.16"]
[Round "3"]
[White "Domalchuk Jonasson, Aleksandr"]
[Black "Belenkaya, Dina"]
[Result "1-0"]
[WhiteElo "2355"]
[BlackElo "2164"]
[PlyCount "81"]
[EventDate "2024.03.15"]
[EventType "swiss"]
[EventRounds "9"]
[EventCountry "ISL"]
[SourceTitle "CB13_2024"]
[SourceDate "2024.03.27"]
[SourceVersion "1"]
[SourceVersionDate "2024.03.27"]
[SourceQuality "1"]

1. c4 e6 2. Nf3 d5 3. g3 Nf6 4. Bg2 Be7 5. 0-0 c6 6. b3 0-0 7. Bb2 a5 8. d4 a4 9. Nbd2 b5 10. c5 Qa5 11. Qc2 a3 12. Bc1 b4 13. e4 Nfd7 14. Re1 Na6 15. Nf1 Nc7 16. Ne3 Nf6 17. Ne5 Bb7 18. Bd2 Nb5 19. Qd3 Nxd4 20. Qxd4 Bxc5 21. Qd3 dxe4 22. Qc2 Bxe3 23. Nc4 Bxf2+ 24. Kxf2 Qa7+ 25. Be3 Ng4+ 26. Kg1 Nxe3 27. Nxe3 f5 28. Qc4 Rad8 29. Kh1 Qa5 30. Qxe6+ Kh8 31. Rad1 Rde8 32. Qd7 Ba8 33. Rf1 g6 34. Nc4 Qc5 35. Nd6 Rb8 36. Qe7 Kg8 37. g4 Rbe8 38. Qd7 Re5 39. gxf5 gxf5 40. Bxe4 f4 41. Qxh7# 1-0

[Event "Prague op"]
[Site "Prague"]
[Date "2024.03.05"]
[Round "7"]
[White "Belenkaya, Dina"]
[Black "Roubalik, Jakub"]
[Result "1/2-1/2"]
[WhiteElo "2164"]
[BlackElo "2343"]
[PlyCount "195"]
[EventDate "2024.02.28"]
[EventType "swiss"]
[EventRounds "9"]
[EventCountry "CZE"]
[SourceTitle "CB11_2024"]
[SourceDate "2024.03.13"]
[SourceVersion "1"]
[SourceVersionDate "2024.03.13"]
[SourceQuality "1"]

1. d4 Nf6 2. c4 e6 3. Nc3 d5 4. cxd5 exd5 5. Bg5 c6 6. e3 Be7 7. Bd3 Nbd7 8. Qc2 h6 9. Bh4 Nh5 10. Bxe7 Qxe7 11. Nge2 Nb6 12. 0-0 0-0 13. Na4 Nxa4 14. Qxa4 Bd7 15. Qa5 Nf6 16. Rfc1 Ng4 17. Qc7 Rfc8 18. Qf4 Nf6 19. Nc3 Ne8 20. Na4 Nd6 21. Nc5 Re8 22. Rc3 Rad8 23. b4 Bc8 24. Rac1 Qf8 25. h4 g6 26. Qf6 Qe7 27. Qxe7 Rxe7 28. g3 Kg7 29. Ra3 a6 30. Rac3 Bf5 31. Be2 g5 32. h5 Bc8 33. a4 Rde8 34. Rb1 Bf5 35. Rb2 Ra8 36. Rc1 Ra7 37. Nb3 Ra8 38. Nd2 Ra7 39. Rc5 Be6 40. Bd3 Bg4 41. b5 axb5 42. axb5 Ra1+ 43. Kg2 Rc7 44. bxc6 bxc6 45. Nf3 Ra3 46. Ne5 Bxh5 47. Bf1 f6 48. Rxc6 Rxc6 49. Nxc6 Bg6 50. Ne7 Be4+ 51. f3 Nf5 52. Nxf5+ Bxf5 53. g4 Be6 54. Kf2 Ra7 55. Bd3 Bf7 56. Rb5 Ra2+ 57. Be2 Bg6 58. Rb7+ Kf8 59. Rb8+ Ke7 60. Rb7+ Kd6 61. Rb6+ Kc7 62. Ra6 Rb2 63. Ra3 h5 64. gxh5 Bxh5 65. Ke1 Rb1+ 66. Kd2 Rb2+ 67. Kd1 Kd6 68. Ra6+ Ke7 69. Ra7+ Ke6 70. Rg7 Be8 71. Bd3 Ba4+ 72. Ke1 Rh2 73. Ba6 Bb3 74. Bc8+ Kd6 75. Rd7+ Kc6 76. Rf7 Rh6 77. Kf2 Bc2 78. Kg3 Bd3 79. e4 dxe4 80. fxe4 Rh4 81. Bb7+ Kb6 82. Kf3 Rh3+ 83. Kf2 Rh4 84. Ke3 Rh3+ 85. Kd2 Bc4 86. d5 Rd3+ 87. Kc2 Re3 88. Ba8 Rxe4 89. Rxf6+ Kc5 90. d6 Re2+ 91. Kd1 Re8 92. Bf3 Rd8 93. Rf5+ Kxd6 94. Rxg5 Ke6+ 95. Ke1 Kf6 96. Rc5 Be6 97. Kf2 Rd6 98. Ke3 1/2-1/2

[Event "Titled Tuesday intern op 06th Feb Late"]
[Site "Chess.com INT"]
[Date "2024.02.06"]
[Round "4"]
[White "Belenkaya, Dina"]
[Black "Baziuk, Vladyslav"]
[Result "1-0"]
[WhiteElo "2164"]
[BlackElo "2211"]
[PlyCount "57"]
[EventDate "2024.02.06"]
[EventType "swiss (blitz)"]
[EventRounds "11"]
[EventCountry "USA"]
[SourceTitle "CB07_2024"]
[SourceDate "2024.02.14"]
[SourceVersion "1"]
[SourceVersionDate "2024.02.14"]
[SourceQuality "1"]

1. Nf3 e6 2. g3 b6 3. Bg2 Bb7 4. d3 Nf6 5. Nbd2 d5 6. 0-0 Be7 7. Re1 0-0 8. c3 Nbd7 9. Qc2 c5 10. e4 dxe4 11. dxe4 Qc7 12. e5 Nd5 13. a4 Rfd8 14. Nc4 a6 15. Ng5 g6 16. h4 b5 17. axb5 axb5 18. Rxa8 Rxa8 19. Nd6 Bxd6 20. exd6 Qxd6 21. Ne4 Qf8 22. h5 Rb8 23. Bg5 h6 24. hxg6 hxg5 25. Nxg5 fxg6 26. Qxg6+ Qg7 27. Qxe6+ Kh8 28. Nf7+ Kh7 29. Be4+ 1-0

[Event "Titled Tuesday intern op 06th Feb Early"]
[Site "Chess.com INT"]
[Date "2024.02.06"]
[Round "2"]
[White "Korchmar, Vasiliy"]
[Black "Belenkaya, Dina"]
[Result "1-0"]
[WhiteElo "2438"]
[BlackElo "2164"]
[PlyCount "91"]
[EventDate "2024.02.06"]
[EventType "swiss (blitz)"]
[EventRounds "11"]
[EventCountry "USA"]
[SourceTitle "CB07_2024"]
[SourceDate "2024.02.14"]
[SourceVersion "1"]
[SourceVersionDate "2024.02.14"]
[SourceQuality "1"]

1. e4 c6 2. d4 d5 3. exd5 cxd5 4. Bd3 Nc6 5. c3 Nf6 6. h3 g6 7. Nf3 Bg7 8. 0-0 0-0 9. Bf4 Bf5 10. Bxf5 gxf5 11. Ne1 e6 12. Nd3 Kh8 13. Nd2 Ne4 14. Nb3 Qh4 15. f3 Nf6 16. Qd2 Nh5 17. Bh2 Rg8 18. Qf2 Qg5 19. Kh1 f4 20. Qd2 Bh6 21. Rae1 Rg7 22. Nbc5 Rag8 23. Rf2 b6 24. Nd7 Ng3+ 25. Bxg3 Qxg3 26. N7e5 Nxe5 27. Nxe5 Bg5 28. Rff1 Bh4 29. Re2 Qg5 30. b3 Bg3 31. c4 Qf5 32. cxd5 exd5 33. Nc6 Bh4 34. Rg1 Rg3 35. Ne5 R8g7 36. Qc2 Qe6 37. Ng4 Qd7 38. Nh6 Bg5 39. Nf5 Bf6 40. Nxg7 Kxg7 41. Rd1 h5 42. Qd3 Bh4 43. Qd2 Bg5 44. Qe1 Kh6 45. Qb4 Qf5 46. Qf8+ 1-0

[Event "Charlotte op"]
[Site "Charlotte"]
[Date "2024.01.15"]
[Round "5"]
[White "Belenkaya, Dina"]
[Black "Bynum, Jacorey"]
[Result "1/2-1/2"]
[WhiteElo "2202"]
[BlackElo "1664"]
[PlyCount "141"]
[EventDate "2024.01.05"]
[EventType "swiss"]
[EventRounds "6"]
[EventCountry "USA"]
[SourceTitle "CB04_2024"]
[SourceDate "2023.10.16"]
[SourceVersion "1"]
[SourceVersionDate "2023.10.16"]
[SourceQuality "1"]

1. e4 c5 2. Nc3 Nc6 3. Nf3 Nf6 4. g3 d5 5. exd5 Nxd5 6. Bg2 e6 7. 0-0 Be7 8. Re1 0-0 9. d3 Rb8 10. a4 b6 11. h4 Bb7 12. Nxd5 exd5 13. Bf4 Bd6 14. Bxd6 Qxd6 15. d4 Rbd8 16. c3 Rfe8 17. Qd3 c4 18. Qc2 Bc8 19. Ng5 g6 20. h5 Bf5 21. Qd2 gxh5 22. Nh3 Bxh3 23. Bxh3 h6 24. Kg2 h4 25. Bf5 Ne7 26. Bc2 hxg3 27. Rh1 Kg7 28. Rag1 Ng8 29. Kf1 Re6 30. Rxg3+ Kf8 31. Bh7 Ne7 32. Rh5 Rf6 33. Re5 Ke8 34. Rge3 Rd7 35. Bf5 Rc7 36. Qe2 Kf8 37. Bc2 Ng6 38. Qh5 Kg7 39. Rh3 Nf4 40. Qg4+ Kf8 41. Bh7 Ne6 42. Rhe3 Ke8 43. Bf5 Kd7 44. Qh4 Ke7 45. Bh3 Qd8 46. Rf3 Qh8 47. Rff5 Rc6 48. Rf4 Qg7 49. Rf3 Qg6 50. Bf5 Qg5 51. Qxg5 hxg5 52. Rxd5 Nf4 53. Re3+ Kf8 54. Rde5 Rcd6 55. f3 Rh6 56. Bg4 Rh1+ 57. Kf2 Rh2+ 58. Kg1 Rxb2 59. Rxg5 Rh6 60. Bd7 Ne2+ 61. Kf2 Nxd4+ 62. Kg3 Ne6 63. Rg4 Rhh2 64. Bxe6 Rbg2+ 65. Kf4 fxe6 66. Rxe6 Rxg4+ 67. fxg4 Ra2 68. g5 Rxa4 69. Rc6 Kg7 70. Rc7+ Kg6 71. Rc6+ 1/2-1/2

[Event "Charlotte op"]
[Site "Charlotte"]
[Date "2024.01.14"]
[Round "3"]
[White "Belenkaya, Dina"]
[Black "Wofford, Matthew R"]
[Result "0-1"]
[WhiteElo "2202"]
[BlackElo "1993"]
[PlyCount "106"]
[EventDate "2024.01.05"]
[EventType "swiss"]
[EventRounds "6"]
[EventCountry "USA"]
[SourceTitle "CB04_2024"]
[SourceDate "2023.10.16"]
[SourceVersion "1"]
[SourceVersionDate "2023.10.16"]
[SourceQuality "1"]

1. Nf3 Nf6 2. b3 d5 3. Bb2 e6 4. g3 c5 5. Bg2 Be7 6. 0-0 0-0 7. d3 Nc6 8. Nbd2 Re8 9. e4 b6 10. e5 Nd7 11. c4 Bb7 12. h4 Qc7 13. Re1 Nf8 14. h5 h6 15. cxd5 exd5 16. Nf1 d4 17. N1h2 Rad8 18. Bc1 Bc8 19. Bf4 Ne6 20. Bd2 Nf8 21. Bf4 Be6 22. Nd2 Nb4 23. Ne4 Qd7 24. g4 Nh7 25. Bg3 Nd5 26. Kh1 Ng5 27. Nxg5 Bxg5 28. Bxd5 Bxd5+ 29. Kg1 Bb7 30. f4 Qd5 31. Re4 Be7 32. Kf2 b5 33. Rc1 Rc8 34. Nf3 Qd7 35. Nd2 Qd5 36. Kf1 a5 37. Bf2 f6 38. e6 f5 39. gxf5 Qxf5 40. Qe2 Bd6 41. Ke1 Bxf4 42. e7 Bxd2+ 43. Kxd2 Bxe4 44. dxe4 Qf4+ 45. Kd1 Rxe7 46. Rc2 Qxe4 47. Qxb5 Rf7 48. Kc1 d3 49. Rd2 c4 50. Qa6 Rc6 51. Qa8+ Rf8 52. Qxa5 c3 53. Rd1 d2+ 0-1

[Event "EU-chT (Women) 24th"]
[Site "Budva"]
[Date "2023.11.11"]
[Round "1.1"]
[White "Belenkaya, Dina"]
[Black "Arabidze, Meri"]
[Result "0-1"]
[WhiteElo "2250"]
[BlackElo "2458"]
[PlyCount "144"]
[EventDate "2023.11.11"]
[EventType "team-swiss"]
[EventRounds "9"]
[EventCountry "MNE"]
[SourceTitle "CB47_2023"]
[SourceDate "2023.11.22"]
[SourceVersion "1"]
[SourceVersionDate "2023.11.22"]
[SourceQuality "1"]
[WhiteTeam "Israel (W)"]
[BlackTeam "Georgia (W)"]
[WhiteTeamCountry "ISR"]
[BlackTeamCountry "GEO"]

1. e4 c5 2. Nf3 e6 3. c3 Nf6 4. e5 Nd5 5. d4 cxd4 6. cxd4 b6 7. Bd3 Be7 8. 0-0 Ba6 9. Bxa6 Nxa6 10. Nbd2 0-0 11. Ne4 Nac7 12. Bg5 f6 13. Bd2 f5 14. Nc3 b5 15. Qe2 Qb8 16. Rfc1 Qb7 17. Ne1 Qb6 18. Nc2 a6 19. a4 b4 20. a5 Qa7 21. Na4 b3 22. Na3 Bxa3 23. Rxa3 Nb5 24. Raa1 Nxd4 25. Qd3 Nc2 26. Rab1 Rab8 27. Rd1 Rfc8 28. h4 Qd4 29. Qxd4 Nxd4 30. Be3 Nc2 31. Bb6 Rc4 32. Nc3 Nxb6 33. axb6 Nd4 34. Rd3 Rxb6 35. Nd1 d5 36. exd6 Rxd6 37. Kf1 e5 38. Ne3 Rcc6 39. Rbd1 g6 40. g3 Kf7 41. f4 exf4 42. gxf4 Nb5 43. Rxb3 Rxd1+ 44. Nxd1 Rc4 45. Rf3 h5 46. Kg2 a5 47. Rb3 Rb4 48. Rxb4 axb4 49. Nf2 Nd4 50. Nd3 Nc6 51. Kf2 Ke6 52. b3 Kd6 53. Ke3 Kd5 54. Nb2 Kc5 55. Nd3+ Kb5 56. Nc1 Kc5 57. Nd3+ Kd5 58. Nb2 Nb8 59. Nd3 Na6 60. Ne1 Kc5 61. Nd3+ Kd5 62. Ne5 Nc5 63. Nxg6 Nxb3 64. Ne7+ Kc5 65. Nxf5 Na5 66. Kd3 Nc4 67. Ng7 b3 68. f5 Kb4 69. Ne6 b2 70. Kc2 Ka3 71. f6 Ka2 72. f7 b1Q+ 0-1

[Event "Charlotte Super op"]
[Site "Charlotte"]
[Date "2023.07.13"]
[Round "8"]
[White "Xu, Daniel"]
[Black "Belenkaya, Dina"]
[Result "1-0"]
[WhiteElo "2223"]
[BlackElo "2322"]
[PlyCount "69"]
[EventDate "2023.07.09"]
[EventType "swiss"]
[EventRounds "9"]
[EventCountry "USA"]
[SourceTitle "CBM 215 Extra"]
[Source "ChessBase"]
[SourceDate "2023.09.30"]
[SourceVersion "1"]
[SourceVersionDate "2023.09.30"]
[SourceQuality "1"]

1. e4 c6 2. d4 d5 3. exd5 cxd5 4. c4 Nf6 5. Nc3 a6 6. Bg5 Be6 7. a3 Nc6 8. Be2 Na5 9. c5 Ne4 10. Nxe4 dxe4 11. Qa4+ Nc6 12. Be3 Qd5 13. Nh3 Qb3 14. Qxb3 Bxb3 15. Bd1 Bc4 16. Rc1 Bb5 17. Bc2 f5 18. d5 Ne5 19. Nf4 0-0-0 20. Rd1 g5 21. Ne6 Bh6 22. Nxd8 Rxd8 23. h4 f4 24. Bd4 Nd3+ 25. Bxd3 exd3 26. hxg5 Bxg5 27. Rxh7 Rxd5 28. Bc3 Rxc5 29. f3 Rd5 30. Kd2 Rd6 31. Re1 Rg6 32. Rg7 Rxg7 33. Bxg7 Kd7 34. Re4 a5 35. Re5 1-0

[Event "Charlotte Super op"]
[Site "Charlotte"]
[Date "2023.07.10"]
[Round "3"]
[White "Belenkaya, Dina"]
[Black "Puckett, Matthew"]
[Result "0-1"]
[WhiteElo "2322"]
[BlackElo "2145"]
[PlyCount "120"]
[EventDate "2023.07.09"]
[EventType "swiss"]
[EventRounds "9"]
[EventCountry "USA"]
[SourceTitle "CBM 215 Extra"]
[Source "ChessBase"]
[SourceDate "2023.09.30"]
[SourceVersion "1"]
[SourceVersionDate "2023.09.30"]
[SourceQuality "1"]

1. e4 c5 2. Nf3 Nc6 3. Bb5 Nf6 4. e5 Nd5 5. Nc3 Nc7 6. Bxc6 dxc6 7. d3 g6 8. Be3 b6 9. Qd2 Bg4 10. Ng5 h6 11. Nge4 Nd5 12. 0-0 Bg7 13. h3 Be6 14. f4 Nxe3 15. Qxe3 Qd4 16. Qxd4 cxd4 17. Ne2 0-0-0 18. g4 Bd5 19. Rad1 c5 20. b4 cxb4 21. Nxd4 Kb7 22. Nb3 Rc8 23. Rd2 Rc7 24. Re1 Rhc8 25. Nd4 a5 26. Ree2 Ka6 27. Kf2 b5 28. Nb3 a4 29. Nc1 Bf8 30. f5 e6 31. Nf6 Bb7 32. fxg6 fxg6 33. d4 Be7 34. Nd3 Rf8 35. Ke1 Bxf6 36. exf6 Rxf6 37. Nxb4+ Ka5 38. a3 Rc3 39. Rd3 Rf3 40. Rxf3 Rxf3 41. Nd3 Bd5 42. h4 Bc4 43. Kd2 Rg3 44. Re4 g5 45. hxg5 hxg5 46. Ne5 Bd5 47. Re3 Rxe3 48. Kxe3 b4 49. axb4+ Kxb4 50. Kd2 a3 51. c3+ Kb3 52. Nd3 a2 53. Nc1+ Kb2 54. Nxa2 Kxa2 55. Kd3 Kb3 56. c4 Bxc4+ 57. Ke4 Bd5+ 58. Ke5 Kc4 59. Kf6 Kxd4 60. Kxg5 e5 0-1

[Event "ISR-chT (Women)"]
[Site "Ramat Gan"]
[Date "2023.07.07"]
[Round "2.2"]
[White "Belenkaya, Dina"]
[Black "Haitovich, Avital"]
[Result "1-0"]
[WhiteElo "2322"]
[BlackElo "1855"]
[PlyCount "63"]
[EventDate "2023.07.06"]
[EventType "team-swiss"]
[EventRounds "5"]
[EventCountry "ISR"]
[SourceTitle "CBM 215 Extra"]
[Source "ChessBase"]
[SourceDate "2023.09.30"]
[SourceVersion "1"]
[SourceVersionDate "2023.09.30"]
[SourceQuality "1"]
[WhiteTeam "Rishon Le Zion (W)"]
[BlackTeam "Herzliya (W)"]
[WhiteTeamCountry "ISR"]
[BlackTeamCountry "ISR"]

1. e4 c5 2. Nf3 d6 3. Bb5+ Nd7 4. c3 Ngf6 5. Qe2 e6 6. 0-0 Be7 7. d4 cxd4 8. cxd4 0-0 9. Nc3 Nb6 10. Bd3 d5 11. e5 Nfd7 12. Bc2 Re8 13. g3 Nf8 14. h4 Nbd7 15. Kg2 f6 16. Bf4 f5 17. g4 Nb6 18. Rh1 Bd7 19. Rh2 a6 20. Ng5 Bb4 21. Rg1 Rc8 22. Rh3 Bxc3 23. bxc3 Na4 24. Bd2 b5 25. Kh1 Nb6 26. gxf5 exf5 27. Qh5 Re7 28. Rhg3 Qe8 29. Qf3 g6 30. h5 Rg7 31. Nh3 Nc4 32. Bh6 1-0